[Event "Aust Junior Open "]
[Site "Perth "]
[Date "2004.01.19"]
[Round "6.16"]
[White "Lugo, Ruperto"]
[Black "Donaldson, Thomas"]
[Result "0-1"]
[WhiteElo "1697"]
[BlackElo "1520"]
[PlyCount "124"]
[EventDate "2004.01.14"]
[EventType "swiss"]
[EventRounds "11"]
[EventCountry "AUS"]

1. d4 d5 2. c4 c6 3. Nc3 Nf6 4. Nf3 dxc4 5. a4 Bf5 6. e3 e6 7. Bxc4 Bb4 8. O-O
Nbd7 9. Na2 Bd6 10. Re1 O-O 11. Nc3 Bb4 12. Bd2 Nb6 13. Bb3 Bxc3 14. Bxc3 Nbd5
15. Nd2 Nxc3 16. bxc3 Ng4 17. h3 Nf6 18. e4 Bg6 19. Bc2 Qa5 20. Re3 Rfd8 21.
Nc4 Qc7 22. Ne5 c5 23. Nxg6 hxg6 24. Bb3 cxd4 25. cxd4 Qd7 26. d5 exd5 27. exd5
Qf5 28. Qd2 Ne4 29. Qe2 Nd6 30. Rd1 b6 31. Bc2 Qf6 32. Rf3 Qb2 33. Qd3 Rac8 34.
Bb3 Rc1 35. Rxc1 Qxc1+ 36. Kh2 Qc8 37. Qc3 Qb8 38. g3 Nf5 39. Kg2 a6 40. Qd2 b5
41. axb5 Qxb5 42. Qd3 Qb7 43. Kh2 Qb4 44. Rf4 Qb6 45. Kg2 Rb8 46. Bc4 a5 47.
Ba2 Nd6 48. Qa3 Rc8 49. Rf3 Rc2 50. Bb3 Rd2 51. Qa4 Kf8 52. Qd7 Kg8 53. h4 Kh7
54. Qc6 Qd8 55. Re3 Nf5 56. Re8 Qf6 57. Qc5 Nd4 58. Qc8 Qxf2+ 59. Kh3 Qg2+ 60.
Kg4 f5+ 61. Kf4 Qf3+ 62. Ke5 Qxg3# 0-1

[Event "Aust Junior Open "]
[Site "Perth "]
[Date "2004.01.19"]
[Round "6.17"]
[White "Guzel, Adam"]
[Black "van Heerden, Daniel"]
[Result "1/2-1/2"]
[WhiteElo "1346"]
[BlackElo "1532"]
[PlyCount "59"]
[EventDate "2004.01.14"]
[EventType "swiss"]
[EventRounds "11"]
[EventCountry "AUS"]

1. e4 d5 2. exd5 Qxd5 3. Nc3 Qa5 4. Bc4 Nf6 5. d3 Bg4 6. f3 Bh5 7. Bd2 c6 8.
Qe2 e6 9. g4 Bg6 10. f4 Be7 11. Nd5 Qd8 12. Nxe7 Qxe7 13. O-O-O h5 14. f5 exf5
15. Qxe7+ Kxe7 16. Bb4+ Kd8 17. gxf5 Bxf5 18. Bxf7 Nbd7 19. Rf1 c5 20. Ba5+ b6
21. Bxb6+ axb6 22. Rxf5 Rf8 23. Bb3 g6 24. Rf1 b5 25. c4 b4 26. Nf3 Ng4 27. h3
Ne3 28. Rf2 Ne5 29. Kd2 N3xc4+ 30. dxc4 1/2-1/2

[Event "Aust Junior Open "]
[Site "Perth "]
[Date "2004.01.19"]
[Round "6.18"]
[White "Humphries, Ryan"]
[Black "Ferris, Shaun"]
[Result "0-1"]
[WhiteElo "1238"]
[BlackElo "1641"]
[PlyCount "26"]
[EventDate "2004.01.14"]
[EventType "swiss"]
[EventRounds "11"]
[EventCountry "AUS"]

1. e4 c5 2. c4 Nc6 3. Nc3 Nf6 4. g3 d6 5. Bg2 g6 6. Nge2 Bg7 7. d3 O-O 8. Bd2
Ne8 9. Qc1 a6 10. Bh6 Nc7 11. h4 Ne5 12. Qe3 Ng4 13. Qf4 Bxh6 0-1

[Event "Aust Junior Open "]
[Site "Perth "]
[Date "2004.01.19"]
[Round "6.19"]
[White "Chapman, Mark"]
[Black "Haselgrove, Miles"]
[Result "1-0"]
[WhiteElo "1639"]
[BlackElo "1434"]
[PlyCount "75"]
[EventDate "2004.01.14"]
[EventType "swiss"]
[EventRounds "11"]
[EventCountry "AUS"]

1. e4 c5 2. Nf3 Nc6 3. d4 cxd4 4. Nxd4 Qb6 5. Nb3 Nf6 6. Nc3 e6 7. Be3 Qc7 8.
Qd3 Bb4 9. Be2 d5 10. O-O Bxc3 11. Qxc3 dxe4 12. Bg5 Qe5 13. Qxe5 Nxe5 14. Nc5
Ned7 15. Bb5 a6 16. Bxf6 gxf6 17. Bxd7+ Bxd7 18. Nxe4 Ke7 19. Rad1 Bc6 20. Rfe1
Rhg8 21. Ng3 Rg5 22. Rd2 Rd8 23. Rxd8 Kxd8 24. Rd1+ Rd5 25. Rxd5+ Bxd5 26. a3
Ke7 27. f3 Kd6 28. Kf2 Ke5 29. Ke3 f5 30. Nh5 Bc6 31. c4 b6 32. b3 Be8 33. f4+
Kd6 34. Kd4 Bc6 35. Nf6 Ke7 36. Ke5 Bxg2 37. Nxh7 Bf3 38. Nf6 1-0

[Event "Aust Junior Open "]
[Site "Perth "]
[Date "2004.01.19"]
[Round "6.20"]
[White "Holland, Denis"]
[Black "Muthusamy, Reubban"]
[Result "1/2-1/2"]
[WhiteElo "1531"]
[BlackElo "1389"]
[PlyCount "80"]
[EventDate "2004.01.14"]
[EventType "swiss"]
[EventRounds "11"]
[EventCountry "AUS"]

1. e4 e5 2. Nc3 Nf6 3. Bc4 Nc6 4. d3 Bb4 5. Nge2 d5 6. exd5 Nxd5 7. O-O Be6 8.
Nxd5 Bxd5 9. Bxd5 Qxd5 10. a3 Be7 11. Be3 O-O 12. d4 Qb5 13. b3 exd4 14. Nxd4
Nxd4 15. Bxd4 Rad8 16. Qg4 Qg5 17. Qxg5 Bxg5 18. Rad1 Rfe8 19. f4 Be7 20. a4
Bb4 21. Be5 f6 22. Bxc7 Rc8 23. Rd7 Re2 24. Rfd1 Rxc2 25. Bd6 Bxd6 26. R1xd6
R8c7 27. f5 Kf8 28. g4 R2c3 29. Rxc7 Rxc7 30. Rd4 Ke7 31. b4 a6 32. h4 Rc6 33.
Kf2 Rd6 34. Ke3 h6 35. b5 Rxd4 36. Kxd4 Kd6 37. bxa6 bxa6 38. h5 a5 39. Kc4 Kc6
40. Kd4 Kd6 1/2-1/2

[Event "Aust Junior Open "]
[Site "Perth "]
[Date "2004.01.19"]
[Round "6.21"]
[White "Wallis, Christopher"]
[Black "Tran, Christopher"]
[Result "1-0"]
[WhiteElo "1430"]
[BlackElo "1516"]
[PlyCount "40"]
[EventDate "2004.01.14"]
[EventType "swiss"]
[EventRounds "11"]
[EventCountry "AUS"]

1. e4 c5 2. Nf3 d6 3. c3 Nf6 4. Be2 Bd7 5. Qc2 Bc6 6. d3 g6 7. Nbd2 Nbd7 8. d4
cxd4 9. cxd4 Rc8 10. Qb1 Qa5 11. b4 Qb6 12. b5 Bxe4 13. Nxe4 Bg7 14. Nxf6+ Bxf6
15. O-O O-O 16. Bb2 Rc7 17. Rc1 Rfc8 18. Rxc7 Qxc7 19. Qc1 Qb8 20. Qd2 Nb6 1-0

[Event "Aust Junior Open "]
[Site "Perth "]
[Date "2004.01.19"]
[Round "6.22"]
[White "Sreetharan, Kishore"]
[Black "Maguire, Jesse"]
[Result "1/2-1/2"]
[WhiteElo "1509"]
[BlackElo "1321"]
[PlyCount "60"]
[EventDate "2004.01.14"]
[EventType "swiss"]
[EventRounds "11"]
[EventCountry "AUS"]

1. e4 g6 2. d4 d6 3. Nc3 Bg7 4. Be3 c6 5. f4 b5 6. e5 Nh6 7. Be2 Nf5 8. Bf2 Nd7
9. g4 Nh6 10. Bf3 Qc7 11. Qd2 Nb6 12. h3 Nc4 13. Qe2 Nxb2 14. Nxb5 Qa5+ 15. Kf1
d5 16. Rb1 Ba6 17. Nc7+ Qxc7 18. Qxa6 Nc4 19. Ke2 O-O 20. Bg2 Rfb8 21. Nf3 Rb6
22. Rxb6 Qxb6 23. Qxb6 axb6 24. Ra1 f5 25. g5 Nf7 26. Nd2 Na3 27. Kd3 h6 28. h4
Nd8 29. Be1 e6 30. Nb3 Bf8 1/2-1/2

[Event "Aust Junior Open "]
[Site "Perth "]
[Date "2004.01.19"]
[Round "6.23"]
[White "Beltrami, Matthew"]
[Black "Rozells, Nathan"]
[Result "1/2-1/2"]
[WhiteElo "1208"]
[BlackElo "1497"]
[PlyCount "51"]
[EventDate "2004.01.14"]
[EventType "swiss"]
[EventRounds "11"]
[EventCountry "AUS"]

1. e4 c5 2. d4 cxd4 3. c3 Nf6 4. e5 Nd5 5. Qxd4 e6 6. Bc4 Nc6 7. Qe4 Nb6 8. Bb3
d5 9. Qe2 Be7 10. Nf3 O-O 11. O-O f6 12. Bf4 fxe5 13. Bxe5 Nxe5 14. Nxe5 Bd6
15. Nd2 Nd7 16. Ndf3 Nxe5 17. Nxe5 Rf5 18. Nf3 Bd7 19. Rfe1 Qc7 20. Rad1 Raf8
21. Rd4 Rf4 22. Rxf4 Rxf4 23. Bc2 Bc5 24. Qe5 Qxe5 25. Rxe5 h6 26. Bg6 1/2-1/2

[Event "Aust Junior Open "]
[Site "Perth "]
[Date "2004.01.19"]
[Round "6.24"]
[White "Levin, Joshua"]
[Black "Slack Smith, Blair"]
[Result "1-0"]
[WhiteElo "1464"]
[BlackElo "1096"]
[PlyCount "79"]
[EventDate "2004.01.14"]
[EventType "swiss"]
[EventRounds "11"]
[EventCountry "AUS"]

1. e4 c5 2. Nf3 Nc6 3. d4 cxd4 4. Nxd4 g6 5. Nc3 Bg7 6. Be3 d6 7. f3 Nf6 8. Qd2
h5 9. Bc4 Nxd4 10. Bxd4 e6 11. O-O-O a6 12. Kb1 b5 13. Bb3 O-O 14. Be3 Ne8 15.
Bh6 Bd7 16. Bxg7 Kxg7 17. h4 a5 18. a3 b4 19. axb4 axb4 20. Qd4+ f6 21. Qxb4
Rb8 22. Qd4 e5 23. Qd2 Ra8 24. Kc1 Ra1+ 25. Nb1 Ba4 26. Bxa4 Rxa4 27. Na3 Rf7
28. g4 Rb7 29. Qc3 Qb8 30. Kb1 Rc7 31. Qd3 Qb4 32. Ka2 Qa5 33. gxh5 Rb7 34.
hxg6 Nc7 35. h5 Nb5 36. h6+ Kf8 37. g7+ Ke7 38. g8=Q Nc3+ 39. Qxc3 Rxa3+ 40.
Qxa3 1-0

[Event "Aust Junior Open "]
[Site "Perth "]
[Date "2004.01.19"]
[Round "6.25"]
[White "Vinciguerra, Andrew"]
[Black "van Dijk, Devrim"]
[Result "0-1"]
[WhiteElo "1176"]
[BlackElo "1530"]
[PlyCount "46"]
[EventDate "2004.01.14"]
[EventType "swiss"]
[EventRounds "11"]
[EventCountry "AUS"]

1. e4 e5 2. Nf3 Nc6 3. Bb5 a6 4. Bxc6 dxc6 5. d4 exd4 6. Qxd4 Qxd4 7. Nxd4 Bc5
8. Nf3 Bg4 9. Nbd2 O-O-O 10. Ne5 Be6 11. O-O Ne7 12. Re1 Ng6 13. Nd3 Bb6 14.
Nf3 f6 15. Be3 Bxe3 16. Rxe3 Rhe8 17. b3 f5 18. Rae1 f4 19. R3e2 Bg4 20. e5
Bxf3 21. gxf3 Nh4 22. Kf1 Nxf3 23. Rc1 Nxh2+ 0-1

[Event "Aust Junior Open "]
[Site "Perth "]
[Date "2004.01.19"]
[Round "6.31"]
[White "Arnold, Matthew"]
[Black "Ung, Josephine"]
[Result "1-0"]
[WhiteElo "883"]
[BlackElo "332"]
[PlyCount "75"]
[EventDate "2004.01.14"]
[EventType "swiss"]
[EventRounds "11"]
[EventCountry "AUS"]

1. c4 c5 2. Nc3 Nc6 3. e4 g6 4. Nge2 e5 5. g3 Nge7 6. Bg2 Bg7 7. O-O d6 8. d3
O-O 9. Be3 h6 10. f4 g5 11. fxg5 hxg5 12. Bxg5 f6 13. Be3 f5 14. Qd2 Kh7 15.
exf5 Nxf5 16. Be4 Be6 17. g4 Qd7 18. gxf5 Bxf5 19. Bxf5+ Rxf5 20. Ng3 Rxf1+ 21.
Rxf1 Qe6 22. Nf5 Rh8 23. Nxg7 Kxg7 24. Qg2+ Qg6 25. Nb5 Kh7 26. Qxg6+ Kxg6 27.
Nxd6 b6 28. a3 Rg8 29. Nb5 Kh7+ 30. Kf2 Rf8+ 31. Ke2 Rxf1 32. Kxf1 Kg6 33. Ke2
a6 34. Nc7 a5 35. Nd5 Kf5 36. Nxb6 Ke6 37. Bxc5 Kf5 38. Ke3 1-0

[Event "Aust Junior Open "]
[Site "Perth "]
[Date "2004.01.20"]
[Round "7.1"]
[White "Bourmistrov, Denis"]
[Black "Hu, Jason"]
[Result "1-0"]
[WhiteElo "2030"]
[BlackElo "1590"]
[PlyCount "47"]
[EventDate "2004.01.14"]
[EventType "swiss"]
[EventRounds "11"]
[EventCountry "AUS"]

1. c4 e5 2. g3 g6 3. d4 Bg7 4. dxe5 Bxe5 5. Nf3 Bg7 6. Bg2 Nf6 7. Nc3 O-O 8.
O-O Re8 9. Nd4 Nc6 10. Nxc6 bxc6 11. Qc2 Rb8 12. Rd1 Bb7 13. Qa4 a6 14. Qa5 d6
15. Bg5 Re5 16. Qxe5 dxe5 17. Rxd8+ Rxd8 18. Ne4 Rd6 19. Nxd6 cxd6 20. Rd1 Ne8
21. Rd3 f6 22. Rb3 Bc8 23. Bd2 Be6 24. Bxc6 1-0

[Event "Aust Junior Open "]
[Site "Perth "]
[Date "2004.01.20"]
[Round "7.2"]
[White "Obst, James"]
[Black "Neeman, Jeremy"]
[Result "0-1"]
[WhiteElo "1539"]
[BlackElo "1548"]
[PlyCount "100"]
[EventDate "2004.01.14"]
[EventType "swiss"]
[EventRounds "11"]
[EventCountry "AUS"]

1. e4 c5 2. c3 Nf6 3. e5 Nd5 4. d4 cxd4 5. Nf3 e6 6. cxd4 b6 7. Nc3 Bb7 8. Bd3
Na6 9. O-O Nab4 10. Bb1 Rc8 11. Ne4 Qc7 12. a3 Nc2 13. Ra2 Ba6 14. b3 Na1 15.
Bd3 Bxd3 16. Qxd3 Qxc1 17. Rxa1 Qc6 18. Nfd2 Be7 19. Nc4 O-O 20. Ncd6 Bxd6 21.
Nxd6 Nf4 22. Qe4 Qxe4 23. Nxe4 Ne2+ 24. Kh1 Nxd4 25. Rad1 Nxb3 26. Rxd7 Nc5 27.
Nxc5 bxc5 28. Rfd1 c4 29. g3 c3 30. Kg2 g6 31. Rc1 a5 32. Rc2 Rc5 33. f4 Rb8
34. Rd1 Rb2 35. Rdc1 a4 36. Kf3 Rb3 37. Ra1 Kg7 38. Raa2 f6 39. Ke4 fxe5 40.
fxe5 Kh6 41. Rf2 Kg5 42. Kd4 Rd5+ 43. Ke4 Rd1 44. Ke3 h5 45. h4+ Kg4 46. Ke2
Rd5 47. Rf4+ Kxg3 48. Rxa4 Rxe5+ 49. Kd3 Re1 50. Kc4 Rb2 0-1

[Event "Aust Junior Open "]
[Site "Perth "]
[Date "2004.01.20"]
[Round "7.3"]
[White "Wei, Michael"]
[Black "Chow, Sam"]
[Result "0-1"]
[WhiteElo "1870"]
[BlackElo "2130"]
[PlyCount "146"]
[EventDate "2004.01.14"]
[EventType "swiss"]
[EventRounds "11"]
[EventCountry "AUS"]

1. e4 e6 2. d4 d5 3. Nc3 Nf6 4. e5 Nfd7 5. f4 c5 6. Nf3 Nc6 7. Be3 a6 8. Qd2 b5
9. dxc5 Bxc5 10. Bxc5 Nxc5 11. Qf2 Qb6 12. Bd3 b4 13. Ne2 a5 14. O-O O-O 15.
Kh1 f6 16. exf6 Rxf6 17. Qe3 Nd7 18. Ned4 Ba6 19. Rae1 Re8 20. Nxc6 Qxc6 21.
Ne5 Nxe5 22. fxe5 Rff8 23. Qg3 Bxd3 24. Qxd3 Rc8 25. Rxf8+ Rxf8 26. h3 Rf2 27.
Re2 Rf1+ 28. Kh2 Qc4 29. Qxc4 dxc4 30. Re4 Rb1 31. c3 Rxb2 32. Rxc4 bxc3 33.
Rxc3 Rxa2 34. Rc7 Re2 35. Rc5 a4 36. Ra5 a3 37. Rxa3 Rxe5 38. Ra7 h6 39. Kg3
Kh7 40. Kf4 Rf5+ 41. Ke4 Kg6 42. Ra6 Kf6 43. g4 Rf1 44. h4 Rh1 45. g5+ hxg5 46.
hxg5+ Kxg5 47. Kf3 Rf1+ 48. Kg3 Rf6 49. Ra7 g6 50. Ra5+ Rf5 51. Ra6 Kf6 52. Kg4
Rg5+ 53. Kf4 Rb5 54. Ra8 e5+ 55. Kg3 Kf5 56. Rf8+ Kg5 57. Re8 Rb3+ 58. Kf2 Kf4
59. Rf8+ Kg4 60. Re8 Rf3+ 61. Ke2 Rf5 62. Ke3 g5 63. Rh8 Kg3 64. Ke4 Rf1 65.
Kxe5 g4 66. Ke4 Kg2 67. Ke3 g3 68. Ke2 Rf7 69. Rg8 Re7+ 70. Kd2 Kf2 71. Rf8+
Kg1 72. Kd3 g2 73. Rg8 Rh7 0-1

[Event "Aust Junior Open "]
[Site "Perth "]
[Date "2004.01.20"]
[Round "7.4"]
[White "Suttor, Vincent"]
[Black "Huang, Justin"]
[Result "1-0"]
[WhiteElo "1828"]
[BlackElo "1596"]
[PlyCount "49"]
[EventDate "2004.01.14"]
[EventType "swiss"]
[EventRounds "11"]
[EventCountry "AUS"]

1. d4 d5 2. c4 c6 3. Nc3 Nf6 4. Nf3 dxc4 5. a4 Bf5 6. Ne5 Nbd7 7. Nxc4 Nb6 8.
e3 a5 9. Qb3 Nfd7 10. e4 Be6 11. Be3 Bxc4 12. Bxc4 Nxc4 13. Qxc4 e5 14. d5 Rc8
15. O-O Bd6 16. Rfd1 O-O 17. dxc6 Rxc6 18. Qb5 Qa8 19. Rd3 Nf6 20. Bg5 Bb4 21.
Bxf6 Bxc3 22. Bxg7 Bxb2 23. Qxb2 Kxg7 24. Qxe5+ f6 25. Qe7+ 1-0

[Event "Aust Junior Open "]
[Site "Perth "]
[Date "2004.01.20"]
[Round "7.5"]
[White "Jager, Jesse"]
[Black "Stojic, Dusan"]
[Result "0-1"]
[WhiteElo "1598"]
[BlackElo "1863"]
[PlyCount "102"]
[EventDate "2004.01.14"]
[EventType "swiss"]
[EventRounds "11"]
[EventCountry "AUS"]

1. e4 c5 2. Nf3 d6 3. d4 cxd4 4. Nxd4 Nf6 5. Nc3 a6 6. Bc4 e6 7. Bb3 b5 8. O-O
Be7 9. Qf3 Qb6 10. Be3 Qb7 11. Rfe1 Nc6 12. Nxc6 Qxc6 13. Qg3 Bb7 14. f3 g6 15.
a4 O-O 16. Bh6 Rfe8 17. Kh1 b4 18. Ne2 d5 19. exd5 Nxd5 20. Nf4 Nxf4 21. Qxf4
Qd6 22. Qxd6 Bxd6 23. Rad1 Be7 24. Rd7 Bc6 25. Rc7 Rac8 26. Ra7 Bh4 27. g3
Bxf3+ 28. Kg1 Bf6 29. Be3 Re7 30. Rxa6 Bxb2 31. Rb1 Bc3 32. Rd6 Ree8 33. a5
Red8 34. Rxd8+ Rxd8 35. a6 Bd4 36. Bxd4 Rxd4 37. a7 Rd8 38. Ra1 Bb7 39. Ra5 Ra8
40. Kf2 Kf8 41. Ke3 Ke7 42. Kd4 Kd6 43. Kc4 Kc6 44. Kxb4 Kb6 45. c4 Bc6 46. c5+
Kb7 47. Ba4 Bxa4 48. Rxa4 Rxa7 49. c6+ Kb6 50. Rxa7 Kxa7 51. Kc5 Kb8 0-1

[Event "Aust Junior Open "]
[Site "Perth "]
[Date "2004.01.20"]
[Round "7.6"]
[White "Kaspar, Ric"]
[Black "Oliver, Gareth"]
[Result "0-1"]
[WhiteElo "1436"]
[BlackElo "1844"]
[PlyCount "60"]
[EventDate "2004.01.14"]
[EventType "swiss"]
[EventRounds "11"]
[EventCountry "AUS"]

1. e4 e6 2. d4 d5 3. e5 c5 4. c3 Nc6 5. Nf3 Bd7 6. a3 c4 7. Nbd2 Na5 8. Be2 Bc6
9. O-O Qd7 10. a4 Ne7 11. Nh4 Nc8 12. b4 cxb3 13. Nxb3 Bxa4 14. Nc5 Bxd1 15.
Nxd7 Bxe2 16. Nxf8 Nb3 17. Nxe6 fxe6 18. Ba3 Nxa1 19. Rxa1 Ne7 20. Ra2 Ba6 21.
Nf3 h6 22. g4 Kd7 23. g5 Rhf8 24. Nd2 Rac8 25. Bd6 Rxc3 26. Rb2 Rf5 27. h4 Nc8
28. Bb4 Rh3 29. Nb3 b6 30. gxh6 gxh6 0-1

[Event "Aust Junior Open "]
[Site "Perth "]
[Date "2004.01.20"]
[Round "7.7"]
[White "Wongwitchit, Phachara"]
[Black "Ly, Moulthun"]
[Result "0-1"]
[WhiteElo "1773"]
[BlackElo "1646"]
[PlyCount "85"]
[EventDate "2004.01.14"]
[EventType "swiss"]
[EventRounds "11"]
[EventCountry "AUS"]

1. e4 e6 2. d4 d5 3. e5 c5 4. c3 Qb6 5. Nf3 Bd7 6. a3 a5 7. Bd3 Bb5 8. O-O Bxd3
9. Qxd3 Nc6 10. Nbd2 c4 11. Qc2 a4 12. Kh1 Nge7 13. Nh4 g5 14. Nhf3 h6 15. Ng1
Ng6 16. Ne2 Nce7 17. f4 Nf5 18. Nf3 g4 19. Ne1 Qc7 20. Bd2 h5 21. Qb1 Bh6 22.
Nc2 O-O-O 23. Ne3 Nge7 24. Ng3 Nxe3 25. Bxe3 h4 26. Nh5 Nf5 27. Bd2 Bg7 28.
Nxg7 Nxg7 29. Qd1 g3 30. Qxa4 h3 31. hxg3 Nf5 32. Qa8+ Kd7 33. Qa4+ Qc6 34.
Qxc6+ Kxc6 35. Rf3 Rdg8 36. Be1 hxg2+ 37. Kg1 Rh7 38. Rb1 Rgh8 39. Kxg2 Rh1 40.
Rf2 R8h2+ 41. Kf3 Rh3 42. Rg2 Nh4+ 43. Kf2 {...} 0-1

[Event "Aust Junior Open "]
[Site "Perth "]
[Date "2004.01.20"]
[Round "7.8"]
[White "Yu, Michael"]
[Black "Colic, Igor"]
[Result "1-0"]
[WhiteElo "1736"]
[BlackElo "1332"]
[PlyCount "65"]
[EventDate "2004.01.14"]
[EventType "swiss"]
[EventRounds "11"]
[EventCountry "AUS"]

1. e4 e5 2. Nf3 Nc6 3. Bb5 Nf6 4. O-O Nxe4 5. Qe1 Nd6 6. Bxc6 dxc6 7. Nxe5 Be6
8. Nc3 Nf5 9. d3 Bc5 10. Ne4 Qe7 11. Qc3 Bd4 12. Nxc6 Bxc3 13. Nxe7 Bxb2 14.
Bxb2 Nxe7 15. Bxg7 Rg8 16. Nf6+ Kd8 17. Nxg8 Nxg8 18. Rfe1 Ke7 19. Bb2 Nh6 20.
d4 Kd7 21. a4 Rg8 22. g3 Nf5 23. f3 Ne7 24. Ba3 Nd5 25. c4 Nf4 26. d5 Bf5 27.
Re7+ Kd8 28. Rxf7 Nh3+ 29. Kg2 Nf4+ 30. Kf2 Nh3+ 31. Ke3 Re8+ 32. Kd2 Ng5 33.
Rxf5 1-0

[Event "Aust Junior Open "]
[Site "Perth "]
[Date "2004.01.20"]
[Round "7.9"]
[White "Vijaykumar, Rukman"]
[Black "Yu, Chris"]
[Result "0-1"]
[WhiteElo "1577"]
[BlackElo "1589"]
[PlyCount "68"]
[EventDate "2004.01.14"]
[EventType "swiss"]
[EventRounds "11"]
[EventCountry "AUS"]

1. e4 c5 2. Nc3 e6 3. g3 Nc6 4. Bg2 Nf6 5. Nge2 a6 6. O-O b5 7. d4 cxd4 8. Nxd4
Nxd4 9. Qxd4 Bb7 10. e5 Bxg2 11. Kxg2 Ng8 12. Ne4 Qc7 13. Bf4 Rc8 14. Rfd1 Qb7
15. Kg1 Rc4 16. Nd6+ Bxd6 17. Qxd6 Ne7 18. c3 Rc6 19. Qd3 Nd5 20. Rac1 O-O 21.
b3 Rfc8 22. Bd2 h6 23. a3 Qc7 24. Qd4 d6 25. exd6 Qxd6 26. a4 Qc7 27. axb5 axb5
28. c4 bxc4 29. bxc4 Rxc4 30. Rxc4 Qxc4 31. Qxc4 Rxc4 32. Re1 Rc2 33. Be3 Kh7
34. Kg2 Kg6 {...} 0-1

[Event "Aust Junior Open "]
[Site "Perth "]
[Date "2004.01.20"]
[Round "7.10"]
[White "Xie, Ken"]
[Black "Vishwanath, Ganesh"]
[Result "1-0"]
[WhiteElo "1802"]
[BlackElo "1551"]
[PlyCount "55"]
[EventDate "2004.01.14"]
[EventType "swiss"]
[EventRounds "11"]
[EventCountry "AUS"]

1. e4 c5 2. Nf3 d6 3. d4 cxd4 4. Nxd4 Nf6 5. Nc3 a6 6. Bg5 e6 7. f4 Be7 8. Qf3
Nbd7 9. O-O-O Qc7 10. Bd3 b5 11. Rhe1 Bb7 12. Qg3 b4 13. Nd5 Bxd5 14. exd5 Nxd5
15. Be4 N7b6 16. Bxe7 Qxe7 17. Bxd5 Nxd5 18. Qxg7 Kd7 19. f5 e5 20. Nf3 Kc6 21.
Qg4 Nb6 22. Qxb4 f6 23. Re3 Nd7 24. Nd4+ Kc7 25. Ne6+ Kc6 26. Rb3 Nc5 27. Qb6+
Kd7 28. Nxc5+ 1-0

[Event "Aust Junior Open "]
[Site "Perth "]
[Date "2004.01.20"]
[Round "7.11"]
[White "Ikeda, Junta"]
[Black "Oliver, Shannon"]
[Result "1-0"]
[WhiteElo "1705"]
[BlackElo "1580"]
[PlyCount "41"]
[EventDate "2004.01.14"]
[EventType "swiss"]
[EventRounds "11"]
[EventCountry "AUS"]

1. e4 c5 2. Nf3 d6 3. c3 Nf6 4. Be2 Bg4 5. O-O e6 6. Re1 Be7 7. d3 O-O 8. Be3
Nc6 9. Nfd2 Bxe2 10. Qxe2 d5 11. f4 Qb6 12. b3 Rfd8 13. h3 d4 14. cxd4 Nxd4 15.
Bxd4 Rxd4 16. Nc4 Qc7 17. g3 Rad8 18. Nb2 b5 19. Nd2 e5 20. Rac1 Qb6 21. Kh2 {
...} 1-0

[Event "Aust Junior Open "]
[Site "Perth "]
[Date "2004.01.20"]
[Round "7.12"]
[White "Donaldson, Thomas"]
[Black "Stojic, Svetozar"]
[Result "0-1"]
[WhiteElo "1520"]
[BlackElo "1700"]
[PlyCount "44"]
[EventDate "2004.01.14"]
[EventType "swiss"]
[EventRounds "11"]
[EventCountry "AUS"]

1. d4 Nf6 2. c4 g6 3. Nc3 Bg7 4. e4 d6 5. f4 O-O 6. Nf3 c5 7. dxc5 Qa5 8. Bd2
Qxc5 9. Bd3 Nc6 10. Na4 Qh5 11. h3 Bg4 12. O-O Nd4 13. hxg4 Nxg4 14. Re1 Nxf3+
15. Qxf3 Bd4+ 16. Kf1 Nh2+ 17. Ke2 Nxf3 18. gxf3 Qh2+ 19. Kd1 Qg2 20. Rf1 h5
21. Be2 h4 22. Rh1 Qxh1+ 0-1

[Event "Aust Junior Open "]
[Site "Perth "]
[Date "2004.01.20"]
[Round "7.13"]
[White "Ferris, Shaun"]
[Black "Zvedeniouk, Ilia"]
[Result "1-0"]
[WhiteElo "1641"]
[BlackElo "1922"]
[PlyCount "77"]
[EventDate "2004.01.14"]
[EventType "swiss"]
[EventRounds "11"]
[EventCountry "AUS"]

1. c4 e6 2. Nf3 d5 3. d4 Nf6 4. g3 c6 5. Bg2 Nbd7 6. O-O Be7 7. Qc2 O-O 8. b3
b5 9. c5 a5 10. Bf4 Re8 11. Nbd2 Bf8 12. Rfe1 Nh5 13. Ne5 Nxe5 14. dxe5 g5 15.
Be3 d4 16. Bxc6 dxe3 17. Bxa8 Qxd2 18. Qxd2 exd2 19. Red1 Rd8 20. a3 Bxc5 21.
Ra2 Kf8 22. Raxd2 Rxd2 23. Rxd2 Be7 24. Bc6 b4 25. a4 Ng7 26. g4 Ne8 27. Bb5 f6
28. exf6 Nxf6 29. Rc2 Bb7 30. Bc6 Bxc6 31. Rxc6 Ke8 32. Rxe6 Kd7 33. Re5 Bd8
34. Rxg5 Kd6 35. Rg7 Ne4 36. Rxh7 Kd5 37. Rd7+ Ke5 38. Rxd8 Nc5 39. Rd3 1-0

[Event "Aust Junior Open "]
[Site "Perth "]
[Date "2004.01.20"]
[Round "7.14"]
[White "van Heerden, Daniel"]
[Black "Song, Raymond"]
[Result "0-1"]
[WhiteElo "1532"]
[BlackElo "1790"]
[PlyCount "60"]
[EventDate "2004.01.14"]
[EventType "swiss"]
[EventRounds "11"]
[EventCountry "AUS"]

1. c4 c5 2. Nc3 Nc6 3. Nf3 g6 4. d4 cxd4 5. Nxd4 Bg7 6. Be3 Nf6 7. Qd2 O-O 8.
Nxc6 dxc6 9. Rd1 Be6 10. Qc1 Qa5 11. Bh6 Bxc4 12. h4 Rfd8 13. Rxd8+ Rxd8 14.
Bxg7 Kxg7 15. h5 Ng8 16. hxg6 hxg6 17. e4 Bxf1 18. Kxf1 Qe5 19. Qe3 b5 20. Qh3
Kf8 21. b4 a5 22. a3 axb4 23. axb4 c5 24. Nxb5 Rd1+ 25. Ke2 Rxh1 26. Qxh1 Qxe4+
27. Kd2 Qd5+ 28. Ke3 Qb3+ 29. Kd2 Qxb4+ 30. Nc3 Qd4+ {...} 0-1

[Event "Aust Junior Open "]
[Site "Perth "]
[Date "2004.01.20"]
[Round "7.15"]
[White "Wallis, Christopher"]
[Black "Lattimore, Tor"]
[Result "0-1"]
[WhiteElo "1430"]
[BlackElo "1765"]
[PlyCount "60"]
[EventDate "2004.01.14"]
[EventType "swiss"]
[EventRounds "11"]
[EventCountry "AUS"]

1. e4 c5 2. Nf3 Nc6 3. Bb5 g6 4. O-O Bg7 5. Re1 Nf6 6. e5 Nd5 7. Nc3 Nc7 8.
Bxc6 dxc6 9. Ne4 Ne6 10. d3 O-O 11. Be3 b6 12. Qd2 Re8 13. Bh6 Bh8 14. Qe3 Nd4
15. Nxd4 Qxd4 16. Qxd4 cxd4 17. Bf4 Be6 18. Ng5 Bd5 19. e6 f6 20. Nf7 Bg7 21.
h4 c5 22. Nh6+ Kf8 23. b3 Rac8 24. a4 Rc6 25. Re2 Rxe6 26. Rxe6 Bxe6 27. Re1
Bd7 28. f3 e5 29. Bd2 Ke7 30. Ng4 Kd6 {...} 0-1

[Event "Aust Junior Open "]
[Site "Perth "]
[Date "2004.01.20"]
[Round "7.16"]
[White "Cronan, James"]
[Black "Chapman, Mark"]
[Result "0-1"]
[WhiteElo "1760"]
[BlackElo "1639"]
[PlyCount "60"]
[EventDate "2004.01.14"]
[EventType "swiss"]
[EventRounds "11"]
[EventCountry "AUS"]

1. c4 Nf6 2. Nc3 g6 3. d4 d5 4. g3 Bg7 5. Bg2 dxc4 6. Qa4+ Nbd7 7. e4 O-O 8.
Qxc4 Nb6 9. Qd3 c6 10. Nge2 e5 11. Be3 exd4 12. Qxd4 Nfd7 13. Qb4 Ne5 14. O-O
Nd3 15. Qb3 Be6 16. Qc2 Nb4 17. Qb1 Bc4 18. Bc5 Na6 19. Bxf8 Qxf8 20. Rd1 Nc5
21. Qc2 Qe7 22. Rac1 Ne6 23. Rd2 Ba6 24. Rcd1 Qc5 25. b3 Bh6 26. Rd6 Bxe2 27.
Qxe2 Qxc3 28. f4 Bf8 29. R6d3 Bc5+ 30. Kh1 Qf6 {...} 0-1

[Event "Aust Junior Open "]
[Site "Perth "]
[Date "2004.01.20"]
[Round "7.17"]
[White "Kimura, Toshi"]
[Black "Levin, Joshua"]
[Result "1-0"]
[WhiteElo "1723"]
[BlackElo "1464"]
[PlyCount "27"]
[EventDate "2004.01.14"]
[EventType "swiss"]
[EventRounds "11"]
[EventCountry "AUS"]

1. e4 c5 2. Nf3 d6 3. c3 Nf6 4. Be2 Nxe4 5. Qa4+ Nc6 6. Qxe4 g6 7. O-O Bg7 8.
Na3 O-O 9. Bb5 Bf5 10. Qe2 e5 11. d3 a6 12. Bxc6 bxc6 13. Rd1 Qc7 14. Be3 1-0